| 000 | 00606nac a22001811u 4500 | ||
|---|---|---|---|
| 020 | _a81-21904-21-8 | ||
| 082 |
_a658.5 _bS5313 |
||
| 090 |
_c1033 _d1033 |
||
| 100 | _aSharma, P. C. | ||
| 245 | 0 | 2 |
_aA textbook of production engineering / _cP.C. Sharma. |
| 250 | _a10th ed. | ||
| 260 |
_aNew Delhi : _bChand (S.) & Co Ltd , _c2003. |
||
| 500 | _aIncludes index. | ||
| 650 | _aFactory management. | ||
| 650 | _aMachine design. | ||
| 942 |
_cBB _k658.5S5313 |
||
| 999 |
_c1033 _d1033 |
||